Analogías de la fe / (Registro nro. 160194)

Detalles MARC
000 -LEADER
campo de control de longitud fija 00602nam a2200169 4500
001 - NÚMERO DE CONTROL
campo de control 160194
003 - IDENTIFICADOR DE NÚMERO DE CONTROL
campo de control ES-MaACL
005 - FECHA Y HORA DE LA ÚLTIMA TRANSACCIÓN
campo de control 20230906211948.0
008 - DATOS DE LONGITUD FIJA--INFORMACIÓN GENERAL
campo de control de longitud fija 950221s1866 sp |||| | spa d
040 ## - FUENTE DE CATALOGACIÓN
Centro catalogador/agencia de origen EUS
Lengua de catalogación spa
Centro/agencia transcriptor EUS
100 1# - ENTRADA PRINCIPAL--NOMBRE DE PERSONA
Nombre de persona Moreno Labrador, Esteban.
9 (RLIN) 130171
245 10 - MENCIÓN DEL TÍTULO
Título Analogías de la fe /
Mención de responsabilidad, etc. por Esteban Moreno Labrador.
260 ## - PUBLICACIÓN, DISTRIBUCIÓN, ETC.
Lugar de publicación, distribución, etc. Cádiz :
Nombre del editor, distribuidor, etc. [s.n.],
Fecha de publicación, distribución, etc. 1866 (
Fabricante Imprenta de la Revista Médica, a cargo de Federico Joly)
300 ## - DESCRIPCIÓN FÍSICA
Extensión IV, 342 p. ;
Dimensiones 19 cm.
500 #1 - NOTA GENERAL
Nota general Según Palau, el t. I parece el único publicado.
852 ## - LOCALIZACIÓN
Ubicación ES-MaACL
Número de control de estantería F-10318
Nota libre -- Enc. pasta
condición física -- Sólo t.I
Existencias
Estatus retirado Estado de pérdida Estado de daño No para préstamo Colección Biblioteca de origen Biblioteca actual Ubicación en estantería Fecha de adquisición Fuente de adquisición Total de préstamos Signatura topográfica completa Código de barras Visto por última vez Precio de reemplazo Tipo de ítem Koha
        Libros del s. XIX Biblioteca del Ateneo de Madrid Biblioteca del Ateneo de Madrid Sala Pecera Planta 2 17/01/2008     F-10318 1167713 23/02/2023 23/02/2023 Libro impreso antiguo